Bellos pero irresponsables /
Guardat en:
| Autor principal: | |
|---|---|
| Format: | Text |
| Etiquetes: |
Afegir etiqueta
Sense etiquetes, Sigues el primer a etiquetar aquest registre!
|
MARC
| LEADER | 00000 a a2200000 04500 | ||
|---|---|---|---|
| 001 | 8635 | ||
| 003 | |||
| 040 | |||
| 100 | |a Maluf, Norma Alejandra | ||
| 245 | |a Bellos pero irresponsables / |c Norma Alejandra Maluf | ||
| 773 | |g número 8; páginas 47-57 | ||
| 999 | |c 38738 |d 38738 | ||
